000 01095nam0a22002771 4500
001 rc\21712
005 20021204102208.2
010 _a5-230-07323-5
_9300
035 _a(NLR Aleph) 005308879
090 _a6365606
_c6365606
100 _a20021204d1991 u |0rusy50 ca
101 0 _arus
102 _aRU
105 _aa |||||||||
200 1 _aОсновы алгоритмизации и программирования на алгоритмическом языке ПЛ/I
_eУчеб. пособие
_fО.Ю. Городецкая, В.Н. Осипов, С.В. Селиванова
_gТвер. гос. ун-т
210 _aТверь
_cТГУ
_d1991
215 _a140 с.
_cил.
_d20
320 _aБиблиогр.: с. 136-137 (22 назв.)
700 1 _aГородецкая
_bО. Ю.
_gОльга Юрьевна
701 1 _aОсипов
_bВ. Н.
_gВалентин Николаевич
701 1 _aСеливанова
_bС. В.
_gСветлана Викторовна
801 0 _aRU
_bNLR
_gpsbo
801 1 _aRU
_bELAR
_2rusmarc
852 _aNLR
_j91-3/9265
942 _cBOOK
980 _aNB